| 000 | 00927nam0a22003131 4500 | ||
|---|---|---|---|
| 001 | RU\NLR\A1SV\97118 | ||
| 005 | 20260116151310.0 | ||
| 035 | _a(NLR Aleph) 009778471 | ||
| 090 |
_a10085675 _c10085675 |
||
| 100 | _a20090723d1925 u y0rusy50 ca | ||
| 101 | 0 | _arus | |
| 102 | _aRU | ||
| 200 | 1 |
_aЧерное золото _eПовесть _fД.Туманный [псевд.] |
|
| 210 |
_aЛ. _cПрибой _d1925 |
||
| 215 |
_a56 с. _cил. _d20 см |
||
| 225 | _aБ-ка "Юного пролетария" | ||
| 620 | _dСанкт-Петербург | ||
| 700 | 1 |
_6z01790 _aПанов _bН.Н. _f1903-1973 _gНиколай Николаевич |
|
| 790 | 1 |
_6z01700 _aТуманный _bД. |
|
| 801 | 0 |
_aRU _bNLR _c20090723 |
|
| 852 |
_aNLR _j19.118.7.484 |
||
| 852 |
_aNLR _j19.118.7.484а |
||
| 899 | _aРГБ | ||
| 899 | _aГПИБ | ||
| 899 | _aСПбГУ | ||
| 942 | _cBOOK | ||
| 980 | _aA1SV | ||
| 980 | _aNB | ||